सात सपने / (Record no. 10690)

MARC details
000 -LEADER
fixed length control field 01444 a2200265 4500
005 - DATE AND TIME OF LATEST TRANSACTION
control field 20080828121053.0
008 - FIXED-LENGTH DATA ELEMENTS--GENERAL INFORMATION
fixed length control field 080828t xxu||||| |||| 00| 0 hin d
010 ## - LCCN (DPL NO)
LC control number HIN-82589
020 ## - INTERNATIONAL STANDARD BOOK NUMBER
Terms of availability 150.00
International Standard Book Number 8190159623
035 ## - SYSTEM CONTROL NUMBER
System control number HN-54935
035 ## - SYSTEM CONTROL NUMBER
System control number B-317839
037 ## - SOURCE OF ACQUISITION
Source of stock number/acquisition पु.प्र.अ.प्र/प्रका
082 ## - DEWEY DECIMAL CLASSIFICATION NUMBER
Classification number
245 ## - TITLE STATEMENT
Title सात सपने /
Statement of responsibility, etc चेतन दुबे ' अनिल ' द्वारा संपादित
246 ## - VARYING FORM OF TITLE
Title proper/short title Sat Sapne
Remainder of title Ed by Chetan Dube 'Anil'
260 ## - PUBLICATION, DISTRIBUTION, ETC. (IMPRINT)
Place of publication, distribution, etc दिल्ली
Name of publisher, distributor, etc राष्ट्रवाणी प्रकाशन
Date of publication, distribution, etc 2006
270 ## - ADDRESS
Address 511/1-ई, शॉप नं.2, गली नं.2, विश्वास नगर ओद्योगिक क्षेत्र, शाहदरा
City दिल्ली
Postal code 110032
300 ## - PHYSICAL DESCRIPTION
Extent 152पृ
Dimensions 22 सेमी (सजिल्द)
650 ## - SUBJECT ADDED ENTRY--TOPICAL TERM
Topical term or geographic name as entry element हिन्दी कहानियाँ
650 ## - SUBJECT ADDED ENTRY--TOPICAL TERM
Topical term or geographic name as entry element Hindi Stories
700 ## - ADDED ENTRY--PERSONAL NAME
Personal name दुबे, चेतन 'अनिल '
942 ## - ADDED ENTRY ELEMENTS (KOHA)
Institution code [OBSOLETE] dpl
Item type Hindi Books
Call number prefix क / सातस
Source of classification or shelving scheme Dewey Decimal Classification
Classification part
Call number suffix सातस
Holdings
Withdrawn status Lost status Source of classification or shelving scheme Damaged status Not for loan Home library Current library Date acquired Cost, normal purchase price Total Checkouts Full call number Barcode Date last seen Copy number Cost, replacement price Koha item type Collection code Source of acquisition Total Renewals
    Dewey Decimal Classification     D.B.Act.Division D.B.Act.Division   150.00   क सातस HN-54935 15/09/2008 1 150.00 Hindi Books      
    Dewey Decimal Classification     Vinoba Puri Vinoba Puri 06/03/2009 150.00 9 क सातस B-317839 26/05/2018 1 150.00 Hindi Books Fiction dbad / dup 3

© Delhi Public Library
Hit Counter
free hit counter